BIBLIOTECA

SENCICO

Alvar Aalto : (Registro nro. 3696)

Detalles MARC
000 -LEADER
fixed length control field 00864nam a22002777a 4500
003 - CONTROL NUMBER IDENTIFIER
control field PE SENCICO BE
005 - DATE AND TIME OF LATEST TRANSACTION
control field 20251020182622.0
008 - FIXED-LENGTH DATA ELEMENTS--GENERAL INFORMATION
fixed length control field 221215b |||||||| |||| 00| 0 eng d
020 ## - INTERNATIONAL STANDARD BOOK NUMBER
International Standard Book Number 978-3-8365-6005-4
040 ## - CATALOGING SOURCE
Original cataloging agency PE SENCICO BE
Transcribing agency PE SENCICO BE
041 ## - LANGUAGE CODE
Language code of text/sound track or separate title spa
082 ## - DEWEY DECIMAL CLASSIFICATION NUMBER
Classification number 720.924897
Item number L17
100 1# - MAIN ENTRY--PERSONAL NAME
9 (RLIN) 288
Personal name Lahti, Louna
245 1# - TITLE STATEMENT
Title Alvar Aalto :
Remainder of title 1898-1976, paraíso para gente modesta /
Statement of responsibility, etc. Louna Lahti
260 ## - PUBLICATION, DISTRIBUTION, ETC.
Place of publication, distribution, etc. Koln:
Name of publisher, distributor, etc. Taschen,
Date of publication, distribution, etc. 2015
300 ## - PHYSICAL DESCRIPTION
Extent 96 p. :
Other physical details il. col.,
Dimensions 26 cm.
504 ## - BIBLIOGRAPHY, ETC. NOTE
Bibliography, etc. note Bibliografía: p. 96.
600 10 - SUBJECT ADDED ENTRY--PERSONAL NAME
9 (RLIN) 289
Personal name Aalto, Alvar
650 14 - SUBJECT ADDED ENTRY--TOPICAL TERM
Topical term or geographic name entry element Arquitectos
9 (RLIN) 282
650 24 - SUBJECT ADDED ENTRY--TOPICAL TERM
Topical term or geographic name entry element Arquitectura contemporánea
9 (RLIN) 472
650 24 - SUBJECT ADDED ENTRY--TOPICAL TERM
Topical term or geographic name entry element Arquitectura de viviendas
9 (RLIN) 370
650 24 - SUBJECT ADDED ENTRY--TOPICAL TERM
Topical term or geographic name entry element Diseño arquitectónico
9 (RLIN) 18
651 24 - SUBJECT ADDED ENTRY--GEOGRAPHIC NAME
9 (RLIN) 859
Geographic name Finlandia
910 ## - USER-OPTION DATA (OCLC)
-- hfp
-- hfp
942 ## - ADDED ENTRY ELEMENTS (KOHA)
Source of classification or shelving scheme Dewey Decimal Classification
Koha item type Libros
Classification part 720.924897
Item part L17
Existencias
Fecha de la última vez que lo usaron Número de ingreso o de inventario Pago total Signatura topográfica completa Precio efectivo desde Tipo de documento Estado perdido Sistema de clasificación Estado dañado No es para préstamo Retirado Ubicación permanente Ubicación actual Fecha de adquisición
15/12/2022 16501   720.924897/L17 15/12/2022 Libros   Dewey Decimal Classification       Biblioteca Central Lima Biblioteca Central Lima 15/12/2022
30/03/2023 16146   790.924897/L17/ej. 2 30/03/2023 Libros   Dewey Decimal Classification       Biblioteca Central Lima Biblioteca Central Lima 30/03/2023